<?xml version="1.0" encoding="UTF-8"?>
<collection xmlns:xsi="http://www.w3.org/2001/XMLSchema-instance" xsi:schemaLocation="http://www.loc.gov/MARC21/slim http://www.loc.gov/standards/marcxml/schema/MARC21slim.xsd" xmlns="http://www.loc.gov/MARC21/slim">
 <record>
  <leader>00000nam a22000004i 4500</leader>
  <controlfield tag="001">UP-8027390931311660318</controlfield>
  <controlfield tag="003">Buklod</controlfield>
  <controlfield tag="005">20260316082338.0</controlfield>
  <controlfield tag="006">m     o  d        </controlfield>
  <controlfield tag="007">cr an |||aunaa</controlfield>
  <controlfield tag="008">260316s2020    sz      o  d        eng d</controlfield>
  <datafield tag="020" ind1=" " ind2=" ">
   <subfield code="a">9783030515997</subfield>
   <subfield code="a">(ebook)</subfield>
  </datafield>
  <datafield tag="035" ind1=" " ind2=" ">
   <subfield code="a">(OCoLC)1181839636</subfield>
  </datafield>
  <datafield tag="037" ind1=" " ind2=" ">
   <subfield code="a">Fi-2092eb</subfield>
   <subfield code="b">EBSCO</subfield>
   <subfield code="c">$54.99</subfield>
  </datafield>
  <datafield tag="040" ind1=" " ind2=" ">
   <subfield code="a">YDX</subfield>
   <subfield code="d">DMLF</subfield>
   <subfield code="e">rda</subfield>
  </datafield>
  <datafield tag="041" ind1=" " ind2=" ">
   <subfield code="a">eng</subfield>
  </datafield>
  <datafield tag="042" ind1=" " ind2=" ">
   <subfield code="a">DMLUC</subfield>
  </datafield>
  <datafield tag="084" ind1=" " ind2=" ">
   <subfield code="a">PQ 8718</subfield>
   <subfield code="b">V55 2020eb</subfield>
  </datafield>
  <datafield tag="100" ind1="1" ind2=" ">
   <subfield code="a">Villaescusa-Illán, Irene</subfield>
   <subfield code="e">author.</subfield>
  </datafield>
  <datafield tag="245" ind1="1" ind2="0">
   <subfield code="a">Transcultural nationalism in Hispano-Filipino literature</subfield>
   <subfield code="c">Irene Villaescusa Illán.</subfield>
  </datafield>
  <datafield tag="264" ind1=" " ind2="1">
   <subfield code="a">Cham</subfield>
   <subfield code="b">Springer International Publishing</subfield>
   <subfield code="c">©2020.</subfield>
  </datafield>
  <datafield tag="300" ind1=" " ind2=" ">
   <subfield code="a">[1 online resource] x, 247 pages.</subfield>
  </datafield>
  <datafield tag="336" ind1=" " ind2=" ">
   <subfield code="a">text</subfield>
   <subfield code="2">rdacontent.</subfield>
  </datafield>
  <datafield tag="337" ind1=" " ind2=" ">
   <subfield code="a">computer</subfield>
   <subfield code="2">rdamedia.</subfield>
  </datafield>
  <datafield tag="338" ind1=" " ind2=" ">
   <subfield code="a">online resource</subfield>
   <subfield code="2">rdacarrier.</subfield>
  </datafield>
  <datafield tag="490" ind1="0" ind2=" ">
   <subfield code="a">Historical and cultural interconnections between Latin America and Asia.</subfield>
  </datafield>
  <datafield tag="504" ind1=" " ind2=" ">
   <subfield code="a">Includes bibliographical references and index.</subfield>
  </datafield>
  <datafield tag="505" ind1="0" ind2=" ">
   <subfield code="a">1. Writing the Philippines in Spanish: an introduction -- 2. Transcultural Orientalism: Re-writing the Orient from Latin America and The Philippines -- 3. Nostalgia for the Orient: Images of the Philippines in the Work of Adelina Gurrea -- 4. Travelling the Modern World: Paz Mendozas Notas de viaje (1929) -- 5. Translation Strategies in Jesús Balmoris Los Pájaros de fuego. Una novela filipina de la guerra (1945) -- 6. Transcultural Nationalism in Antonio Abads El Campeón (1940) -- 7. Conclusion.</subfield>
  </datafield>
  <datafield tag="520" ind1="0" ind2=" ">
   <subfield code="a">This book constitutes so far the most compelling and sound research in the area of Philippine literature in Spanish. By exploring identity and nationalism in four Philippine writers in the Spanish language during the American occupation, the author rediscovers a marginalized literary tradition punctuated by political resistance and an uncommon originality.&quot; --Jorge Mojarro, University of Santo Tomas, Philippines This book studies a selection of works of Philippine literature written in Spanish during the American occupation of the Philippines (1902-1946). It explores the place of Filipino nationalism in a selection of fiction and non-fiction texts by Spanish-speaking Filipino writers Jesús Balmori, Adelina Gurrea Monasterio, Paz Mendoza Guazón, and Antonio Abad. Taking an interdisciplinary approach that draws from Anthropology, History, Literary Studies, Cultural Analysis and World Literature, this book offers a comparative analysis of the position of these authors toward the cultural transformations that have taken place as a result of the Philippines' triple history of colonization (by Spain, the US, and Japan) while imagining an independent nation. Engaging with an untapped archive, this book is a relevant and timely contribution to the fields of both Filipino and Hispanic literary studies. Irene Villaescusa Illán is a lecturer of literature and cultural analysis at the University of Amsterdam. She is the coeditor of Other Globes: Past and Peripheral Imaginations of Globalization.</subfield>
  </datafield>
  <datafield tag="650" ind1=" " ind2="0">
   <subfield code="a">Philippine literature (Spanish)</subfield>
   <subfield code="a">History and criticism.</subfield>
  </datafield>
  <datafield tag="650" ind1=" " ind2="0">
   <subfield code="a">Multiculturalism</subfield>
   <subfield code="3">Philippines.</subfield>
  </datafield>
  <datafield tag="650" ind1=" " ind2="0">
   <subfield code="a">Intercultural communication in literature.</subfield>
  </datafield>
  <datafield tag="650" ind1=" " ind2="0">
   <subfield code="a">Nationalism and literature.</subfield>
  </datafield>
  <datafield tag="856" ind1=" " ind2="0">
   <subfield code="y">Remote access thru OpenAthens account</subfield>
   <subfield code="u">https://research.ebsco.com/c/tsnrxa/search/details/uax5v54jrj?db=nlebk&amp;db=nlabk</subfield>
  </datafield>
  <datafield tag="905" ind1=" " ind2=" ">
   <subfield code="a">FI</subfield>
  </datafield>
  <datafield tag="852" ind1="0" ind2=" ">
   <subfield code="a">UPD</subfield>
   <subfield code="b">DMLF</subfield>
   <subfield code="h">PQ 8718</subfield>
   <subfield code="i">V55 2020eb</subfield>
  </datafield>
  <datafield tag="942" ind1=" " ind2=" ">
   <subfield code="a">Electronic Resource</subfield>
  </datafield>
 </record>
</collection>
